| 000 | 00534nam a2200169 i 4500 | ||
|---|---|---|---|
| 001 | 35731 | ||
| 003 | ES-MaACL | ||
| 005 | 20230906155210.0 | ||
| 007 | t| | ||
| 008 | 030213s1908 fr ||||1| fre d | ||
| 100 | 1 |
_aBréhier, Émile. _9148586 |
|
| 245 | 1 | 4 |
_aLes idées philosophiques et religieuses de Philon d'Alexandri / _cpar Emile Bréhier. |
| 260 |
_aParis : _bAlphonse Picard et Fils, etc, _c1908 ( _fL. Barnéoud) |
||
| 300 |
_aXIV, 336 p. ; _c25 cm. |
||
| 600 | 0 | 4 |
_aFilón de Alejandría. _950857 |
| 852 |
_aES-MaACL _jF-1013 |
||
| 999 |
_c35731 _d35731 |
||